MDQL
is popping MORE tags! Check the
thread
!
Quizzes
Events
Quiz Creation
Community
Videos
Private Events
Remove Ads
Sign In
Join for FREE
Feedback
Dark Mode
Quiz Categories
Sports
Geography
Music
Movies
Television
Just For Fun
Miscellaneous
History
Literature
Language
Science
Gaming
Entertainment
Religion
Holiday
For Kids
Quiz Lab
Recent
Popular Today
Quiz Kudos Today
Editor Picks
Curator Picks
Quizzes by...
Day
Popularity
Type
Ratings
Length
Year
Community
Subscriptions
Recent Discussions
Orange Saloon
Badges
Playlists
Quests
Create
Leaderboards
Showdown
Live 5
Trivia Bingo
Activity
Puzzle Library
Sporcle Events
Private Events
Virtual Trivia
Globe League
Become a Host
Pub Owners
SporcleCon
Opinionation
Our Games
Videos
Blog
Mobile Apps
Partnerships
Remove Ads and Go Orange
Feedback
Gaming
Video Games
Board Games
Card Games
Pokémon
Mario
Nintendo
Minecraft
Console
Toys
Legend of Zelda
Gaming
Video Games
Board Games
Card Games
Pokémon
Mario
Nintendo
Minecraft
Console
Toys
Legend of Zelda
Random Quiz
Search Sporcle
×
Quiz Lab
Quiz Lab
Gaming
Fantasy
Type in answers that appear in a list
Type in answers that appear in a list
Classic
Best Score? Go Orange.
Final Fantasy Tactics Deaths Stats
Can you name the characters who die during the events of Final Fantasy Tactics?
By
devourerofsouls
10m
31 Questions
304 Plays
304 Plays
304 Plays
Comments
Comments
Give Quiz Kudos
Give Quiz Kudos
-
- Ratings
hide this ad
Forced Order
Answers have to be entered in order
Answers have to be entered in order
Replay
Link that replays current quiz
Next Quiz
Link to next quiz in quiz playlist
You Got
0%
They Got
Avg Score
57%
Avg Friend Score
Upgrade to see
Score Distribution
Jump to the score distribution portion of the page
Score
0/31
Timer
10:00
0
Plays Today
Details of death
Character
% Correct
Shot by Algus at Fort Zeakden
Teta Hyral and Golagros Levine
89.8%
Poisoned by Dycedarg at Igros Castle
Balbanes Beoulve
84.5%
Killed in a duel with Ramza at Lionel Castle's gates
Gaff Gafgarion
80.9%
Killed in an explosion at the Graveyard of Airships (likely not, though)
Ramza and Alma Beoulve
76.3%
Stabbed one another
Delita Hyral and Princess Ovelia Atkascha
75.3%
Killed by Ramza's Party at Lenalia Plateau
Miluda Folles
73.4%
Killed by Ramza's party at Lionel Castle
Alphons Draclau (Queklain)
70.4%
Killed by Ramza and Alma at the Graveyard of Airships
St. Ajora
70.4%
Killed by Ramza's party at Igros Castle
Dycedarg Beoulve (Adramelk)
69.7%
Killed by Ramza's party at Riovanes Castle
Wiegraf Folles (Velius)
68.1%
Stabbed by Dycedarg near Bethla Garrison
Prince Bestrada Larg
66.4%
Burned at the stake as a heretic
Olan Durai
65.8%
Stabbed by Wiegraf at Sand Rat Cellar
Gustav Margueriff
65.1%
Sacrifices himself to resurrect St Ajora
Vormav Tingel (Hashmalum)
63.2%
Killed by Adramelk at Igros Castle
Zalbag Beoulve
62.8%
Defeated by Ramza and Meliadoul at Zeltennia Castle
Marquis Mesdoram Elmdor (Zalera), Celia, and Lede
61.8%
Details of death
Character
% Correct
Killed by the Temple Knights at Orbonne Monastery
Simon Pen Rakshu
59.5%
Killed by Hashmalum at Riovanes Castle
Izlude Tingel
55.9%
Reanimated by Lucavi and again killed by Ramza
Zalbag Beoulve
55.6%
Betrayed and stabbed by Delita
Prince Druksmald Goltana
53.9%
Killed by Ramza and Delita at Zeltennia Church
Zalmo Rusnada
53.6%
Killed in battle by Ramza at Bed Desert
Balk Fenzol
52.6%
Killed by Queklain at Lionel Castle
Bart Rudvich
51.6%
Killed by Ramza at Orbonne Monastery
Rofel Wodring and Kletian Drowa
48.7%
Killed by Wiegraf and Rofel at Murond Holy Place
High Priest Marge Funeral
44.1%
Thrown off of the roof of Riovanes by Lede
Gelkanis Barinten
40.8%
Killed by Delita at Zeltennia Castle (possibly)
Balmafula Lanando
35.2%
Illness
King Omdolia
27.3%
Executed by Delita for his involvement in the plot to kidnap Ovelia
Minister Gelwan
19.1%
Killed along with the Black Sheep Knights by the Ryomoku
Baron Grims
17.8%
Willingly stabbed by Delita while posing as Orlandu
Grenados
16.1%
Quiz Playlist
Details
Report
Send in Message
Add To Playlist
Classic:
Type in answers that appear in a list
Forced Order:
Answers have to be entered in order
Quiz Source
Last Updated: Feb 16, 2017
Quiz Scoreboard
CHALLENGE
Sign Up to Join the Scoreboard
Show All
Scores
Hide
Comments
May contain spoilers
Recently Published
Image Sorting: Flags VI
by Barbecue
Geography
2m
Find the 'City' Movie
by crazypaving
Movies
60s
Colored Red Africa Blitz
by spor1
Geography
45s
More to Explore
Quiz From the Vault
Featured Blog Post
14 Easter Pick-up Lines to Find Eggs With
hide this ad
You Might Also Like...
Tags
Character
death
detail
Event
Fantasy
final
Final Fantasy
tactic
Today's Top Quizzes in Gaming
Browse Gaming
hide this ad
Today's Top Quizzes in Fantasy
Browse Fantasy
Top Contributed Quizzes in Gaming
1
League of Legends Pro Players by Career/Team History
2
Destiny 2 exotic weapons by perk icons
3
Genshin murder mystery
4
Dead By Daylight Logic Puzzle
5
Genshin Impact Logic Puzzle
6
Overwatch Logic Puzzle
7
4x4 Decades: Video Games
8
Who's on the WWE 2K24 Cover?
9
Overwatch 2: Ultimate Ability Icons
10
Valorant Agent Developer Names (Up to Clove)
Explore More
Trending Topics
Marvel
Crossword
Harry Potter
NBA
Disney
Kpop
Anime
Song
Country
WWE
The Office
Pokémon
Soccer
NFL
Puzzle
hide this ad
More By:
devourerofsouls
Quiz
Plays
Rating
Category
Featured
Created
MLB Team Records - Single Season HR
10,940
4.40
Sports
Apr 20, 2010
Final Fantasy VII A-Z
3,940
4.05
Gaming
Feb 3, 2010
Deaths in The Godfather (Movie)
2,309
4.29
Movies
Nov 24, 2009
Homer at the Bat trivia
1,575
4.42
Television
Dec 4, 2009
We Put the Spring in Springfield
440
4.50
Television
Feb 7, 2010
Go to Creator's Profile
Score Distribution
Quiz Creator Spotlight
devourerofsouls
Follow
Send a Message
Quizzes Created
-
Created Quiz Play Count
-
More By This Creator
Popular Quizzes Today
1
Colored Red Africa Blitz
2
Find the US States - No Outlines Minefield
3
Find the 'City' Movie
4
5x2 Blitz: Bands
5
The Countries of the World
6
Find the US States
7
Find the Countries of Europe - No Outlines Minefield
8
US States
More Gaming Quizzes
Mystery Scramble: Card Games
Curator's Pick
Trending Quizzes
Colored Red Europe Blitz I
Colored Red Europe Blitz II
Colored Red Africa Blitz II
Colored Red Europe Blitz III
Colored Red Africa Blitz III
Recently Updated
How Do You Spell That?
pecheneg
Godzilla Movies
pecheneg
Grab Bag: 4-10 Letters
pecheneg
2024 March Madness Bracket
pecheneg
Famous TV Couples
Peacemaker
Champions League XIs: Real Madrid
pecheneg
Largest US Cities 1790-2010
pecheneg
Rides in Walt Disney World
pecheneg
Most Oscar Losses (Acting)
pecheneg
Beyoncé Albums
pecheneg
Trending Topics
Kpop
Disney
Marvel
Harry Potter
Crossword
Anime
NBA
NFL
Country
Song
Pokémon
Soccer
Puzzle
The Office
WWE
Your Account Isn't Verified!
In order to create a playlist on Sporcle, you need to verify the email address you used during registration. Go to your
Sporcle Settings
to finish the process.
Report this User
Report this user for behavior that violates our
Community Guidelines
.
Details:
Send Report
Go to the Sporcle.com Mobile Site →
Comments